MyGZULibrary

Community / (Record no. 2311)

MARC details
000 -LEADER
fixed length control field 01759cam a2200409 a 4500
001 - CONTROL NUMBER
control field 15762447
003 - CONTROL NUMBER IDENTIFIER
control field GZU
005 - DATE AND TIME OF LATEST TRANSACTION
control field 20201028132311.0
008 - FIXED-LENGTH DATA ELEMENTS--GENERAL INFORMATION
fixed length control field 090604s2010 enk b 001 0 eng
010 ## - LIBRARY OF CONGRESS CONTROL NUMBER
LC control number 2009022508
015 ## - NATIONAL BIBLIOGRAPHY NUMBER
National bibliography number GBA984038
Source bnb
016 7# - NATIONAL BIBLIOGRAPHIC AGENCY CONTROL NUMBER
Record control number 015356805
Source Uk
020 ## - INTERNATIONAL STANDARD BOOK NUMBER
International Standard Book Number 9780415496162 (hardback)
020 ## - INTERNATIONAL STANDARD BOOK NUMBER
International Standard Book Number 0415496160 (hardback)
020 ## - INTERNATIONAL STANDARD BOOK NUMBER
International Standard Book Number 9780415496179 (pbk.)
020 ## - INTERNATIONAL STANDARD BOOK NUMBER
International Standard Book Number 0415496179 (pbk.)
035 ## - SYSTEM CONTROL NUMBER
System control number (OCoLC)ocn383824136
040 ## - CATALOGING SOURCE
Original cataloging agency DLC
Transcribing agency DLC
Modifying agency BTCTA
-- BWKUK
-- UKM
-- YDXCP
-- BWX
-- CDX
-- MNW
-- DEBBG
-- DLC
050 00 - LIBRARY OF CONGRESS CALL NUMBER
Classification number HM756
Item number DEL 2009
082 00 - DEWEY DECIMAL CLASSIFICATION NUMBER
Classification number 307
Edition number 22
084 ## - OTHER CLASSIFICATION NUMBER
Classification number MS 1090
Number source rvk
100 1# - MAIN ENTRY--PERSONAL NAME
Personal name Delanty, Gerard.
245 10 - TITLE STATEMENT
Title Community /
Statement of responsibility, etc. Gerard Delanty.
250 ## - EDITION STATEMENT
Edition statement 2nd ed.
260 ## - PUBLICATION, DISTRIBUTION, ETC.
Place of publication, distribution, etc. London ;
-- New York :
Name of publisher, distributor, etc. Routledge,
Date of publication, distribution, etc. 2010.
300 ## - PHYSICAL DESCRIPTION
Extent xv, 188 p. ;
Dimensions 21 cm.
490 0# - SERIES STATEMENT
Series statement Key ideas
504 ## - BIBLIOGRAPHY, ETC. NOTE
Bibliography, etc. note Includes bibliographical references and index.
505 0# - FORMATTED CONTENTS NOTE
Formatted contents note Community as an idea: loss and recovery -- Community and society: myths of modernity -- Urban community: locality and belonging -- Political community: communitarianism and citizenship -- Community and difference: varieties of multiculturalism -- Communities of dissent: the idea of communication communities -- Postmodern community: community beyond unity -- Cosmopolitan community: between the local and the global -- Virtual community: belonging as communication -- Conclusion: Theorizing community today.
650 #0 - SUBJECT ADDED ENTRY--TOPICAL TERM
Topical term or geographic name entry element Communities.
650 #0 - SUBJECT ADDED ENTRY--TOPICAL TERM
Topical term or geographic name entry element Multiculturalism.
650 #0 - SUBJECT ADDED ENTRY--TOPICAL TERM
Topical term or geographic name entry element Community life.
650 #0 - SUBJECT ADDED ENTRY--TOPICAL TERM
Topical term or geographic name entry element Social action.
906 ## - LOCAL DATA ELEMENT F, LDF (RLIN)
a 7
b cbc
c orignew
d 1
e ecip
f 20
g y-gencatlg
942 ## - ADDED ENTRY ELEMENTS (KOHA)
Source of classification or shelving scheme Library of Congress Classification
Koha item type Books
Edition 2nd
Classification part 756
Item part DEL
Call number prefix HM
Holdings
Withdrawn status Lost status Damaged status Not for loan Collection code Home library Current library Shelving location Date acquired Inventory number Total Checkouts Full call number Barcode Date last seen Copy number Price effective from Koha item type
        Non-fiction City Campus Library City Campus Library General Stacks 10/28/2020 21437   HM 756 DEL 2009 003968 10/28/2020 c.1 10/28/2020 Books